| 000 | 00773cam a2200277 4500500 | ||
|---|---|---|---|
| 005 | 20260329005715.0 | ||
| 041 | _afre | ||
| 042 | _adc | ||
| 100 | 1 | 0 |
_aNicolas, Ariane _eauthor |
| 245 | 0 | 0 | _aLe peuple a-t-il toujours raison ? |
| 260 | _c2024. | ||
| 500 | _a34 | ||
| 690 | _aAriane Nicolas | ||
| 690 | _aDémocratie | ||
| 690 | _aEurope | ||
| 690 | _aJan-Werner Müller | ||
| 690 | _aJean-Claude Monod | ||
| 690 | _aJustine Lacroix | ||
| 690 | _aMajorité | ||
| 690 | _aPeuple | ||
| 690 | _aPolitique | ||
| 690 | _aPopulisme | ||
| 690 | _aTyrannie | ||
| 786 | 0 | _nPhilosophie magazine | 182 | 9 | 2024-09-01 | p. 28-29 | 1951-1787 | |
| 856 | 4 | 1 | _uhttps://shs.cairn.info/magazine-philosophie-magazine-2024-9-page-28?lang=fr&redirect-ssocas=7080 |
| 999 |
_c1845811 _d1845811 |
||